| 000 | 00843nam a2200205Ia 4500 | ||
|---|---|---|---|
| 999 |
_c34916 _d34916 |
||
| 001 | 743 | ||
| 003 | GE_BSU | ||
| 005 | 20211119102616.0 | ||
| 008 | 181216s2006||||ge |||||||||||||| ||geo|| | ||
| 040 | _cGE_BSU | ||
| 041 | _ageo | ||
| 080 | _a005(075) ჯ–69 | ||
| 100 |
_aჯონსი, გარეთ რ. _912963 |
||
| 245 |
_aთანამედროვე მენეჯმენტის საფუძვლები / _cგარეთ რ. ჯონსი, ჯენიფერ მ. ჯორჯი.; რედ. მამუკა მახათაძე. |
||
| 264 |
_aთბილისი, _c2006. |
||
| 300 |
_a350 გვ. _b ნახ., ცხრ. ; _c29 სმ. |
||
| 653 | _aმენეჯმენტი | ||
| 700 |
_aჯორჯი, ჯენიფერ მ. _eავტორი _912964 |
||
| 942 |
_cBK _2udc |
||